| Registos Bibliográficos associados ao registo de autoridade |
|
Etiqueta de registo: 00000nkm 2200025 450 001 2279274 003 http://id.bnportugal.gov.pt/bib/catbnp/2279274 100 ## $a20260311d1988 m y0pory01030103ba 101 0# $apor 102 ## $aPT 200 1# $a1º Grande Prémio de Atletismo, Arronches, 29 de maio$bVisual gráfico]$fRegião de Turismo de São Mamede 210 #9 $aSão Mamede$cRegião de Turismo de São Mamede,$d1988$e[S.l.] :$gCograpor, Lda. ) 215 ## $a1 cartaz$ccolor.$d50x34,5 cm 317 ## $aColeção Madeira Luís 710 02 $aGrande Prémio de Atletismo,$d1,$eArronches,$f1988$31990754 712 01 $aPortugal.$bRegião de Turismo de São Mamede$315248 801 #0 $aPT$bBN$gRPC 966 ## $lBN$mICONOG$sCT. 15812 V.$x3 971 ## $cCaticonografia10$d20260311 995 ## $aPRR2026
|
|
|